Diseño y simulación del control y funcionamiento de un ascensor utilizando logo Sof comfort y plc logo 230 RC de Siemens para un edificio de cuatro plantas
Presenta una metodología de la programación y simulación de un PLC logo 230 RC y uso correcto del software, así como sus posibles aplicaciones para resolver problemas de un entorno profesional y bienestar de la sociedad. El estudio propone un modelo de automatización y control de un ascensor qu...
| Main Authors: | , |
|---|---|
| Other Authors: | |
| Format: | Tesis Section = Libro |
| Language: | Undetermined Spanish |
| Published: |
Managua
UNI
2016
|
| Subjects: |
| LEADER | 01286nam a2200265Ia 4500 | ||
|---|---|---|---|
| 008 | 240830s9999 xx 000 0 und d | ||
| 040 | |a BIBLIOTECA-RUSB/ Mon 621.877 G914 | ||
| 041 | |a spa | ||
| 082 | |a Mon 621.877 G914 | ||
| 100 | 1 | |a Guardado Aguilar, María Argentina | |
| 100 | 1 | |b Fariña Fonseca, Alfonso Francisco | |
| 245 | 1 | 0 | |a Diseño y simulación del control y funcionamiento de un ascensor utilizando logo Sof comfort y plc logo 230 RC de Siemens para un edificio de cuatro plantas |
| 260 | |a Managua |b UNI |c 2016 | ||
| 300 | |a 53 p. :il. | ||
| 500 | |a Contiene: anexos e Incluye: CD. | ||
| 502 | |a Tesis (Ingeniero Eléctrico) - UNI, 2016. | ||
| 520 | 3 | |a Presenta una metodología de la programación y simulación de un PLC logo 230 RC y uso correcto del software, así como sus posibles aplicaciones para resolver problemas de un entorno profesional y bienestar de la sociedad. El estudio propone un modelo de automatización y control de un ascensor que proporcione solución a un edificio de cuatro plantas. | |
| 650 | 7 | |a ASCENSORES-SISTEMA DE TRANSPORTE | |
| 650 | 7 | |b ELEVADORES-DISEÑOS | |
| 650 | 7 | |c PROGRAMACION PLC LOGO | |
| 650 | 7 | |d MAQUINARIA ELEVADA | |
| 700 | 1 | |a Tutor: |b González Mena, Juan | |
| 942 | |c BK |2 ddc | ||
| 991 | |a TESIS | ||
| 999 | |c 20356 | ||